00694nam a2200205Ia 4500003000900000008004100009020001800050040001600068080001600084110003500100245011700135250001300252260004400265300001100309650003600320650001900356942000700375999001500382952009100397IN-BaIIA211028s9999 xx 000 0 eng d a0-85229-413-1 cIIA Library a031bEBR-11 aEncyclopedia Britannica910946 4aThe New Encyclopaedia Britannica in 30 Volumesbvol. 2, macropaedia, knowledge in depthcEncyclopedia Britannica a27th ed. aChicagobEncyclopaedia Britannicac1984 a1119p. aEncyclopedia-Macropaedia913706 aNASA Thesaurus cBK c8152d8152 00104070aBANbBANcGENd1985-03-19l0o031/EBR-11p8990r2021-11-05w1985-03-19yBK